BIBLIOTECA Y CENTRO DE DOCUMENTACIÓN

Recuerdos de provincia / (Registro nro. 21733)

Detalles MARC
000 -CABECERA
fixed length control field 00752cam a2200205u 4500
001 - NÚMERO DE CONTROL
control field 6716128
005 - FECHA Y HORA DE LA ULTIMA TRANSACCIÓN
control field 20260428193940.0
008 - ELEMENTOS DE LONGITUD FIJA
fixed length control field 260428s1979 sp 000 0 spa d
040 ## - FUENTE DE CATALOGACIÓN
Agencia de catalogación original DLC
Agencia que realiza la transcripción CarP
Agencia que realiza la modificación DLC
-- AR-MoUNM
082 04 - NÚMERO DE CLASIFICACIÓN DECIMAL DEWEY (C.D.D.)
Número de la edición 24.11
Número de la Clasificación Decimal de Dewey (C.D.D.) AR860
Número del ítem SARM 246
100 1# - ENTRADA PRINCIPAL - NOMBRE DE PERSONA
Nombre personal Sarmiento, Domingo Faustino,
Fechas asociadas con un nombre 1811-1888.
9 (RLIN) 3278
245 10 - MENCIÓN DEL TÍTULO
Título Recuerdos de provincia /
Mención de responsabiblidad Domingo F. Sarmiento ; prólogo, Susana Zanetti ... [et al.].
260 ## - PUBLICACIÓN, DISTRIBICIÓN, ETC.
Lugar de publicación, distribución, etc. Buenos Aires :
Nombre del editor, distribuidor, etc. Centro Editor de América Latina,
Fecha de publicación, distribución, etc. c1979.
300 ## - DESCRIPCIÓN FÍSICA
Extensión 248 p. ;
Dimensiones [El subcampo es A para Materiales Mixtos] 18 cm.
490 0# - MENCIÓN DE SERIE
Mención de Serie (Capítulo. Biblioteca argentina fundamental ;
Número de volumen / designación secuencial 17)
650 #7 - ENTRADA SECUNDARIA DE MATERIA - TÉRMINO TEMÁTICO
Término temático o nombre geográfico como elemento de entrada LITERATURA
Subdivisión geográfica ARGENTINA
Fuente de la entrada o término unescot
9 (RLIN) 1913
650 #7 - ENTRADA SECUNDARIA DE MATERIA - TÉRMINO TEMÁTICO
Término temático o nombre geográfico como elemento de entrada BIOGRAFIA
Fuente de la entrada o término unescot
9 (RLIN) 3386
700 1# - ENTRADA SECUNDARIA - NOMBRE DE PERSONA
9 (RLIN) 13873
Nombre de la persona Torpe, Guillermo de.
Término relacionador pról.
942 ## - ADDED ENTRY ELEMENTS (KOHA)
Item type Libros
Source of classification or shelving scheme Dewey Decimal Classification
Existencias
Withdrawn status Lost status Source of classification or shelving scheme Damaged status Not for loan Home library Current library Date acquired Source of acquisition Total Checkouts Full call number Date last seen Copy number Price effective from Koha item type
    Dewey Decimal Classification     Colección general Colección general 28/04/2026 Donación Lorena Demitrio   AR860 SARM 246 28/04/2026 Ej. C 28/04/2026 En tránsito
Biblioteca UNM
Universidad Nacional de Moreno
Av. Bme. Mitre Nº 1891 (B1744OHC) Moreno
Provincia de Buenos Aires, República Argentina
(0237) 460-9300 (líneas rotativas)
(011) 2078-9170 (líneas rotativas)
biblioteca@unm.edu.ar
Universidad del Bicentenario Argentino